[Event "Noale Szabados Memorial-B 3rd"]
[Site "Noale"]
[Date "2010.02.05"]
[Round "1"]
[White "Budilova, Alena"]
[Black "Bergo, Luca"]
[Result "0-1"]
[WhiteElo "1440"]
[BlackElo "1853"]
[PlyCount "80"]
[EventDate "2010.02.05"]
[EventType "swiss"]
[EventRounds "5"]
[EventCountry "ITA"]
[SourceTitle "EXT 2022"]
[Source "ChessBase"]
[SourceDate "2021.10.06"]
[SourceVersion "1"]
[SourceVersionDate "2021.10.06"]
[SourceQuality "1"]

1. e4 c6 2. Bc4 d5 3. Nc3 dxc4 4. Nf3 Bg4 5. b4 cxb3 6. cxb3 e5 7. h3 Bxf3 8. Qxf3 Nf6 9. Na4 Qd4 10. Rb1 Qxe4+ 11. Qxe4 Nxe4 12. f3 Ng3 13. Rg1 b5 14. Nc3 Bc5 15. Rf1 Nxf1 16. Kxf1 Nd7 17. d3 Nf6 18. Bd2 Bd4 19. Ne2 0-0 20. Rc1 Rac8 21. Bb4 c5 22. Ba3 b4 23. Bxb4 cxb4 24. f4 Rxc1+ 25. Nxc1 exf4 26. Ne2 Be3 27. Ke1 Nd5 28. Kd1 Nc3+ 29. Ke1 Nxe2 30. Kxe2 Rc8 31. g3 Rc2+ 32. Kf3 fxg3 33. Kxe3 g2 34. d4 g1Q+ 35. Ke4 Qg6+ 36. Ke5 Qe6+ 37. Kf4 Rf2+ 38. Kg3 Qe3+ 39. Kh4 Qf4+ 40. Kh5 g6# 0-1